Применение природных радиоактивных элементов для калибровки гамма-спектрометров по эффективности регистрации; Атомная энергия; Т. 97, вып. 1

Bibliografiske detaljer
Parent link:Атомная энергия: теоретический и научно-технический журнал/ Российская академия наук ; Министерство РФ по атомной энергии, ядерного общества.— , 1956-.— 0004-7163
Т. 97, вып. 1.— 2004.— с. 27-33
Hovedforfatter: Тертышник Э. Г.
Andre forfattere: Епифанова И. Э.
Sprog:russisk
Udgivet: 2004
Serier:Статьи
Fag:
Format: MixedMaterials Book Chapter
KOHA link:https://koha.lib.tpu.ru/cgi-bin/koha/opac-detail.pl?biblionumber=426083

MARC

LEADER 00000naa2a2200000 4500
001 426083
005 20231101074504.0
035 |a (RuTPU)RU\TPU\prd\84757 
035 |a RU\TPU\prd\30286 
090 |a 426083 
100 |a 20100628a2004 k y0rusy50 ca 
101 0 |a rus 
102 |a RU 
200 1 |a Применение природных радиоактивных элементов для калибровки гамма-спектрометров по эффективности регистрации  |f Э. Г. Тертышник, И. Э. Епифанова 
225 1 |a Статьи 
320 |a Библиогр.: 7 назв. 
461 1 |0 (RuTPU)RU\TPU\prd\33  |x 0004-7163  |t Атомная энергия  |o теоретический и научно-технический журнал  |f Российская академия наук ; Министерство РФ по атомной энергии, ядерного общества  |d 1956- 
463 1 |0 (RuTPU)RU\TPU\prd\84752  |t Т. 97, вып. 1  |v с. 27-33  |d 2004 
610 1 |a гамма-спектрометры 
610 1 |a природные радиоактивные элементы 
610 1 |a калибровка 
610 1 |a эффективность регистрации 
610 1 |a калий 
610 1 |a уран 
610 1 |a лантан 
610 1 |a сверхчистый германий 
610 1 |a измерения 
675 |a 539.1.074.55:621.039.85  |v 3 
700 1 |a Тертышник  |b Э. Г. 
701 1 |a Епифанова  |b И. Э. 
801 1 |a RU  |b 63413507  |c 20041123  |g PSBO 
801 2 |a RU  |b 63413507  |c 20100628  |g RCR 
942 |c BK